| 000 | 01288nam a22003017a 4500 | ||
|---|---|---|---|
| 005 | 20170824114608.0 | ||
| 010 | _a1516EN07 ENG-114963 | ||
| 020 |
_a9781447275602 _c399.00 |
||
| 020 |
_a9781447275602 _c450.00 (AV) |
||
| 035 | _aEN-98495 | ||
| 035 | _aB-615088-91 | ||
| 035 | _aB-667757 | ||
| 037 |
_adpl _bKKP/Ven |
||
| 037 | _bDBAD/PUB | ||
| 082 | _aN | ||
| 100 | _aSmiley, Jane | ||
| 245 |
_aSome luck / _cby Jane Smiley |
||
| 260 |
_aLondon _bPicador _c2015 |
||
| 270 |
_aPan Macmilan, 20 New Wharf Road _bLondon _eNI 9RR |
||
| 300 |
_a623p. _c19cm(pbk) |
||
| 520 | _a "An epic novel that spans thirty years in the lives of a farm family in Iowa, telling a parallel story of the changes taking place in America from 1920 through the early 1950s"--Provided by publisher. | ||
| 650 |
_a Rural families _vFiction. |
||
| 650 |
_a Farm life _vFiction. |
||
| 650 |
_aSocial change _zUnited States _xHistory _y20th century _vFiction. |
||
| 942 |
_2ddc _cEN _mSMI _hN |
||
| 999 |
_c96054 _d96054 |
||